000 00820nam a22003257a 4500
001 BR2012000340
003 BR-BrBNA
005 20230928103839.0
007 ta
008 230509b bl.||||| |||| 00| 0 por d
040 _aBR-BrBNA
_bpor
_cBiblioteca Nacional de Agricultura
041 _a(Por)
072 _aL73
090 _ L73 BR2012000340
100 1 _aMelo, A.
100 1 _aGomes, I.
245 1 _aManual de cisticercose
260 3 _aSalvador, BA (Brasil):
_c2002.
300 _a59 p.
500 _aBibliography p. 48-59; 11 illus.; 7 tables
650 _aCISTICERCOSE
650 _aTAENIA SOLIUM
650 _aCICLO DE VIDA
650 _aEPIDEMIOLOGIA
650 _aIMUNOLOGIA
650 _aDIAGNÓSTICO
650 _aTRATAMENTO
909 _a202309
_bLucia
_c55
_dLucia Elande
942 _cBK
999 _c76898
_d76898